| 000 | 01423nam a2200457 i 4500 | ||
|---|---|---|---|
| 001 | 18239 | ||
| 003 | KOSZ 005 | ||
| 005 | 20191030154538.0 | ||
| 008 | 140909s1976 xxua f e |000 0 eng | ||
| 035 | _a991028064459705066 | ||
| 035 | _a(PL-WaBN)b31865203-48omnis_nlop | ||
| 035 | _ab31865203 | ||
| 035 | _a(OCoLC)899867966 | ||
| 035 | _a(PL)b0000003186520 | ||
| 035 | _a(EXLNZ-48OMNIS_NETWORK)9910497122405606 | ||
| 040 |
_aWA N _cWA N _dKOSZ 005/EG |
||
| 041 | _aeng | ||
| 046 | _k1947 | ||
| 080 | _a5/6 | ||
| 080 | _a(03) | ||
| 245 | 1 | 0 |
_aVan Nostrand's scientific encyclopedia / _ced. by Douglas M. Considine. |
| 246 | 3 | 0 | _aScientific encyclopedia |
| 250 | _a5th ed. | ||
| 260 |
_aNew York : _bD. Van Nostrand Reinhold, _c1976. |
||
| 300 |
_aXI, [1], 2370 s. : _bil. ; _c27 cm. |
||
| 336 |
_2rdacontent _aTekst _btxt |
||
| 337 |
_2rdamedia _aBez urządzenia pośredniczącego _bn |
||
| 338 |
_2rdacarrier _aWolumin _bnc |
||
| 380 | _aKsiążki | ||
| 380 | _aPublikacje fachowe | ||
| 388 | _a1901-2000 | ||
| 388 | _a1945-1989 | ||
| 650 | 7 |
_aNauki przyrodnicze _2DBN |
|
| 650 | 7 |
_aTechnika _2DBN |
|
| 655 | 7 |
_aEncyklopedia _2DBN |
|
| 658 | _aInżynieria i technika | ||
| 700 | 1 |
_aConsidine, Douglas M. _eRedakcja |
|
| 856 |
_uhttp://koha.tu.koszalin.pl/cgi-bin/koha/opac-detail.pl?biblionumber=18239 _yKatalog online BPK |
||
| 942 |
_2UKD _cKS |
||
| 999 |
_c18239 _d18239 |
||